Normal view MARC view
  • Kuhn, Thomas S.,

Entry Nombre Personal

Number of records used in: 6

001 - NUMERO DE CONTROL

  • campo de control: 21913

003 - IDENTIFICADOR DE NUMERO DE CONTROL

  • campo de control: UPN

005 - FECHA Y HORA DE LA ÜLTIMA TRANSACCIÓN

  • campo de control: 20220816121026.0

008 - DATOS DE LONGITUD FIJA

  • campo de control de longitud fija: 220816n||acznnbabn | ana |d

035 ## - NUMERO DE CONTROL

  • Número de control: UPN10000021922

040 ## - FUENTE DE CATALOGACIÓN

  • Agencia original de catalogación: UPN
  • Lenguaje de catalogación: spa
  • Agencia de transcripción: UPN

100 1# - ENCABEZAMIENTO - NOMBRE PERSONAL

  • Nombre personal: Kuhn, Thomas S.,
  • Fuller form of name: (Thomas Samuel),
  • Fechas asociadas con el nombre: 1922-1997

670 ## - FUENTE EN LA QUE SE LOCALIZARON DATOS

  • Cita de la fuente: LC

902 ## - CATALOGADOR

  • Catalogador: BDV/200513